000 00628nam a2200217 a 4500
001 55509
003 BD-RjUL
005 20211209080257.0
008 880808s1924 enk 000 0 eng
035 _a(BD-RjUL)55632
040 _aBD-RjUL
_beng
_cBD-RjUL
_dBD-RjUL
041 _aeng
082 _223
_a823.8
_bBRW 1965
100 1 _aBrontë, Emily,
_d1818-1848.
_9165349
245 1 0 _aWuthering Heights /
_cEmily, Brontë,
260 _aLondon :
_bJohn Murray,
_c1965
300 _axxxi, 431 p. ;
_c12 cm.
490 0 _aHanworth Edition
650 _aTriangles (Interpersonal relations) -- Fiction
_9165350
942 _2ddc
_cBK
999 _c55509
_d55509